LIBRARY & INFORMATION CENTRE, KCAET, TAVANUR

ONLINE PUBLIC ACCESS CATALOGUE (OPAC)

Biopesticide and integrated pest management / (Record no. 10469)

MARC details
000 -LEADER
fixed length control field 00416cam a2200157ua 4500
003 - CONTROL NUMBER IDENTIFIER
control field OSt
008 - FIXED-LENGTH DATA ELEMENTS--GENERAL INFORMATION
fixed length control field 240120b |||||||| |||| 00| 0 eng d
020 ## - INTERNATIONAL STANDARD BOOK NUMBER
ISBN 81 7648 135 1
041 ## - LANGUAGE CODE
Language code of text/sound track or separate title eng
082 ## - DEWEY DECIMAL CLASSIFICATION NUMBER
Classification number 632.95
Item number GHO/BI
100 ## - MAIN ENTRY--AUTHOR NAME
Personal name Ghosh, G k .
245 ## - TITLE STATEMENT
Title Biopesticide and integrated pest management /
260 ## - PUBLICATION, DISTRIBUTION, ETC. (IMPRINT)
Place of publication Newdelhi :
Name of publisher APH publishing corporation ,
Year of publication 2000.
300 ## - PHYSICAL DESCRIPTION
Number of Pages 286 ; .
942 ## - ADDED ENTRY ELEMENTS (KOHA)
Koha item type Books
Holdings
Withdrawn status Lost status Damaged status Home library Current library Shelving location Date acquired Full call number Accession Number Koha item type
      KAUAET KAUAET General Stacks 07/04/2012 632.95 20585 Books
free website counter